Госпожа Стихийно бедствие (Запис номер 90579)
[ съкратено ]
| 000 -Лидер | |
|---|---|
| Контролно поле с фиксирана дължина | 02016nam a2200409 c 4500 |
| 003 - Код на организацията, давaща контролен номер | |
| Контролно поле | BLK |
| 005 - Дата и час на последна редакция | |
| Контролно поле | 20240731101100.0 |
| 008 - Елементи от данни с фиксирана дължина | |
| fixed length control field | 180408b bul|||||r ||||||| ||bul|| |
| 010 ## - Наследен системен номер | |
| LC control number | KNG00095323000 |
| 020 ## - Международен стандартен номер на книга ISBN | |
| Международен стандартен номер на книга ISBN | 978-954-9850-20-8 |
| -- | издат.: Знаци |
| 040 ## - Източник на каталожния запис | |
| Идентификатор на билиотеката - собственик на записа | BLK |
| 041 ## - Код за език | |
| Код за езика на текст/звукозапис или на отделно заглавие | Български |
| Код за езика КДБФ | Български |
| 080 ## - УДК | |
| Текстов определител УДК | Драматични театри. Театри за драма и комедия. Вж и 82-2 |
| УДК код - определител по УДК | 792.2 |
| УДК определител | .071.2(497.2)(092)(093.3) |
| УДК - код + определител | 792.2.071.2(497.2)(092)(093.3) |
| 080 ## - УДК | |
| Текстов определител УДК | Киноактьори |
| УДК код - определител по УДК | 791.44.071.2 |
| УДК определител | (497.2)(092)(093.3) |
| УДК - код + определител | 791.44.071.2(497.2)(092)(093.3) |
| 080 ## - УДК | |
| Текстов определител УДК | Българска актриса |
| УДК код - определител по УДК | 929 Мутафова, Стоянка Константинова |
| УДК определител | |
| УДК - код + определител | 929 Мутафова, Стоянка Константинова |
| 100 ## - Редна дума - Автор | |
| Автор | Грубешлиева, Мария Леонидова |
| R(LIN) | 295153 |
| 139 ## - Редно поле | |
| Редна дума | Грубешлиева, Мария Леонидова |
| Авторски знак | Гру - Г 88 |
| 245 10 - Сведения за заглавието | |
| Заглавие | Госпожа Стихийно бедствие |
| Подзаглавни данни | Мемоари |
| Редно поле (дума) | Мария Леонидова Грубешлиева. |
| 257 ## - Страна на издаване | |
| Страна на създаване/издаване | България |
| 260 ## - Област на издателските данни | |
| -- | Бургас |
| Име на издателя, разпространителя и проч. | Знаци |
| Година на издаване | 2009 |
| Печатница | Бургас : Информа принт |
| 300 ## - Физическа характеристика | |
| Страници | 208 с. |
| Илюстрации и др. | с ил., портр. |
| Размери/Мащаб | 22 см |
| 380 ## - Жанр | |
| Жанр | Изкуство |
| 490 1# - СЕРИИ (Колекции) | |
| Име на серия | Поредица Лица |
| 500 ## - Общи забележки | |
| Забележка | Кор. опис. Стоянка Мутафова госпожа Стихийно бедствие. |
| 600 #0 - Име на лице, използвано като предмет | |
| За него / За нея | Мутафова, Стоянка Константинова |
| Свързани дати | 1922 - 2019 |
| Пълна форма на името | Мутафова, Стояна-Мария Константинова |
| 9 (RLIN) | 260420 |
| 650 #4 - Допълнително описание по предмет – тема | |
| Основно описание – тема или топоним | Актьори, български |
| 9 (RLIN) | 263862 |
| 650 #4 - Допълнително описание по предмет – тема | |
| Основно описание – тема или топоним | Киноартисти, български |
| 9 (RLIN) | 266032 |
| 653 ## - Ключова дума – ненормативна | |
| Ключова дума | български артисти |
| 653 ## - Ключова дума – ненормативна | |
| Ключова дума | спомени |
| 653 ## - Ключова дума – ненормативна | |
| Ключова дума | Стоянка Мутафова |
| 852 ## - Местоположение | |
| Форматна сигнатура | Цб 247623 |
| 856 4# - Електронен адрес и достъп | |
| Електронен формат | pdf - файл |
| Път до файла /url/ | |
| 856 4# - Електронен адрес и достъп | |
| Електронен формат | pdf - файл |
| Път до файла /url/ | |
| 942 ## - АРТИКУЛИ | |
| Вид на библиотечния материал | Книги |
| Скрит в OPAC | Не |
| 944 ## - СЪЗДАВАНЕ И РЕДАКЦИЯ на ЗАПИСА | |
| Създаване/Редакция | Създаване |
| Дата на регистрацията/редакция | 14.04.2010 |
| Служител, извършил регистрацията/редакцията | 30560 |
| Статус, дата на статуса | Геновева Генчева |
| 944 ## - СЪЗДАВАНЕ И РЕДАКЦИЯ на ЗАПИСА | |
| Създаване/Редакция | Редакция |
| Дата на регистрацията/редакция | 14.04.2010 |
| Служител, извършил регистрацията/редакцията | |
| 999 ## - СИСТЕМНИ КОНТРОЛНИ НОМЕРА | |
| Koha biblionumber | 90579 |
| Koha biblioitemnumber | 90579 |
| Код за отписване | Код за изгубен артикул | Код за повреда | Коз за рестрикции | Код за отдаване | Артикулен № | Име на библиотеката - собственик | Име на библиотеката, в която се намира в момента | Статус (Текущо местоположение) | Дата на вписване в системата | Местоположение - отдел | Цена в лева | Инвентарен номер | Систематично азбучна сигнатура | Баркод | Номер на екземпляра | Цена в евро | Служебна бележка | Служебен тип на артикула |
|---|---|---|---|---|---|---|---|---|---|---|---|---|---|---|---|---|---|---|
| Не е изгубен | Не е повреден | без рестрикции | ползва се в читалня | 146403 | Регионална библиотека "Любен Каравелов" Русе | Регионална библиотека "Любен Каравелов" Русе | Хранилище | 2010-04-14 | Хранилище | 12.00 | 120000743434 | Цб 247623 | 120000743434 | 1 | 6.14 | Дост: Dp Вид: Д N: 39 Дата: 16.09.2009 | Книги |